Pathology in Clinical Practice :50 case studies (Record no. 728)

MARC details
000 -LEADER
fixed length control field 01507cam a22003737a 4500
001 - CONTROL NUMBER
control field 17678351
003 - CONTROL NUMBER IDENTIFIER
control field OSt
005 - DATE AND TIME OF LATEST TRANSACTION
control field 20231019090345.0
008 - FIXED-LENGTH DATA ELEMENTS--GENERAL INFORMATION
fixed length control field 130329s2009 enka 001 0 eng
010 ## - LIBRARY OF CONGRESS CONTROL NUMBER
LC control number 2012540840
015 ## - NATIONAL BIBLIOGRAPHY NUMBER
National bibliography number GBA8C1018
Source bnb
016 7# - NATIONAL BIBLIOGRAPHIC AGENCY CONTROL NUMBER
Record control number 101504026
Source DNLM
016 7# - NATIONAL BIBLIOGRAPHIC AGENCY CONTROL NUMBER
Record control number 014782614
Source Uk
020 ## - INTERNATIONAL STANDARD BOOK NUMBER
International Standard Book Number 9780340959046 (pbk.)
020 ## - INTERNATIONAL STANDARD BOOK NUMBER
International Standard Book Number 0340959045 (pbk.)
035 ## - SYSTEM CONTROL NUMBER
System control number (OCoLC)ocn263294361
040 ## - CATALOGING SOURCE
Original cataloging agency NLM
Language of cataloging eng
Transcribing agency NLM
Modifying agency UKM
-- YDXCP
-- BWKUK
-- CDX
-- EUM
-- MIX
-- DLC
042 ## - AUTHENTICATION CODE
Authentication code nlmcopyc
-- lccopycat
050 00 - LIBRARY OF CONGRESS CALL NUMBER
Classification number RB111
Item number .P338 2009
060 00 - NATIONAL LIBRARY OF MEDICINE CALL NUMBER
Classification number 2009 E-662
060 10 - NATIONAL LIBRARY OF MEDICINE CALL NUMBER
Classification number QZ 18.2
Item number P29685 2009
082 04 - DEWEY DECIMAL CLASSIFICATION NUMBER
Classification number QZ 18 P274b 2009
Edition number 22
100 ## - MAIN ENTRY--PERSONAL NAME
Personal name Newell, Barry A. T.; [et....al]
9 (RLIN) 1942
245 00 - TITLE STATEMENT
Title Pathology in Clinical Practice :50 case studies
260 ## - PUBLICATION, DISTRIBUTION, ETC. (IMPRINT)
Place of publication, distribution, etc. London;
Name of publisher, distributor, etc. Hodder Education,
Date of publication, distribution, etc. 2009.
300 ## - PHYSICAL DESCRIPTION
Extent vii, 213 p. :
Other physical details ill. (chiefly col.);
Dimensions 25 cm.
500 ## - GENERAL NOTE
General note Includes indexes.
520 ## - SUMMARY, ETC.
Summary, etc. This title features 50 structured clinical scenarios to help readers consolidate existing knowledge about pathology. Each case is based on a clinical situation that pulls together the key pathological, radiological and clinical aspects of a condition, while the questions and answers highlight diagnostic avenues--
Assigning source Source other than Library of Congress.
650 #0 - SUBJECT ADDED ENTRY--TOPICAL TERM
Topical term or geographic name as entry element Pathology MCQs
9 (RLIN) 1938
650 #0 - SUBJECT ADDED ENTRY--TOPICAL TERM
Topical term or geographic name as entry element Diagnosis, Laboratory
9 (RLIN) 1939
906 ## - LOCAL DATA ELEMENT F, LDF (RLIN)
a 7
b cbc
c copycat
d 2
e ncip
f 20
g y-gencatlg
942 ## - ADDED ENTRY ELEMENTS (KOHA)
Source of classification or shelving scheme Other/Generic Classification Scheme
Koha item type Short Loan
Holdings
Withdrawn status Lost status Source of classification or shelving scheme Damaged status Not for loan Home library Current library Date acquired Source of acquisition Inventory number Total Checkouts Full call number Barcode Date last seen Koha item type
    Other/Generic Classification Scheme     MUST Main Library MUST Main Library 07/11/2014 Purchase 11/33024   QZ 18 P274b 2009 2014-3334 07/11/2014 Short Loan
    Other/Generic Classification Scheme     MUST Main Library MUST Main Library 07/11/2014 Purchase 10/32544   QZ 18 P274b 2009 2014-3335 07/11/2014 Short Loan